Negocio privado, propietarios , publico. El gobierno como accionista de las empresas de abastecimiento y tratamiento de agua potable.

Bibliographic Details
Main Author: Blokland, Maarten
Format: Section = Libro
Language:Undetermined
Spanish
Published: Delft, Países bajos. Ministerio de vivienda. 2004
Subjects:
LEADER 00771nam a2200193Ia 4500
008 240829s9999 xx 000 0 und d
040 |a BIBLIOTECA-RUSB/ Ref 628.162 B652 
041 |a spa 
082 |a Ref 628.162 B652 
100 1 |a Blokland, Maarten  
245 1 0 |a Negocio privado, propietarios , publico. El gobierno como accionista de las empresas de abastecimiento y tratamiento de agua potable. 
260 |a Delft, Países bajos.  |b Ministerio de vivienda.  |c 2004 
300 |a 218 p. :il. 
650 7 |a TRATAMIENTO PARA ABASTECIMIENTO DE AGUA - EMPRESAS 
650 7 |b  EMPRESA PUBLICA - SERVICIO DE AGUA - PAISES BAJOS 
650 7 |c  INDUSTRIA - ABASTECIMIENTO Y TRATAMIENTO DE AGUA. Braadboardt, Okke. Schwartz, Klass 
942 |c BK  |2 ddc 
991 |a TEXTO 
999 |c 6157